000 00527nam a22002057a 4500
003 koha_MIRAKIL
005 20231213095957.0
008 231213b |||||||| |||| 00| 0 ||| d
020 _b978-9-75220008-1
040 _aTR-IsEVY
_btur
_cTR-IsEVY
082 _a828.993633 PAT/A
100 _aPaton, Alan.
245 0 _aAğla sevgili yurdum
_broman
250 _a2. bs.
260 _bBilgi Yayınevi,
_c2003
300 _a293 s.
650 _aGüney Afrika romanı.
650 _aSouth Africa fiction.
942 _2ddc
_cBK
999 _c12494
_d12494